| 000 | 00392nam a2200169Ia 4500 | ||
|---|---|---|---|
| 008 | 230711s9999||||xx |||||||||||||| ||und|| | ||
| 020 | _a978-81-265-1849-4 | ||
| 041 | _aENG | ||
| 082 |
_a530.13 _bHU-S |
||
| 100 | _aHuang, Kerson | ||
| 245 | 0 | _aStatistical mechanics | |
| 250 | _a2nd Ed. | ||
| 260 |
_c2014 _aNew Delhi _bWiley & Sons |
||
| 300 | _a493p. | ||
| 650 | _aPhysics | ||
| 942 | _cBK | ||
| 999 |
_c5790 _d5790 |
||